|
|
|
|
| LEADER |
01215nam a2200313 a 4500 |
| 001 |
16527709 |
| 008 |
120731s2010 bg ab b 001 0 eng |
| 010 |
|
|
|a 2010308829
|
| 020 |
|
|
|a 9789845060097
|
| 040 |
|
|
|a DLC
|c DLC
|d DLC
|d BD-DhAAL
|
| 042 |
|
|
|a lcode
|a pcc
|
| 043 |
|
|
|a a-bg---
|
| 050 |
0 |
0 |
|a HV7095.6.Z8
|b D437 2010
|
| 082 |
0 |
4 |
|a 363.32095492
|2 22
|
| 100 |
1 |
|
|a Shafi, Salma A.
|
| 245 |
1 |
0 |
|a Urban crime and violence in Dhaka /
|c Salma A. Shafi.
|
| 260 |
|
|
|a Dhaka :
|b University Press,
|c 2010.
|
| 300 |
|
|
|a xix, 175 p. :
|b ill., maps ;
|c 22 cm.
|
| 504 |
|
|
|a Includes bibliographical references (p. [163]-164) and index.
|
| 541 |
|
|
|e 00025745
|
| 650 |
|
0 |
|a Crime
|z Bangladesh
|z Dhaka.
|
| 650 |
|
0 |
|a Criminals
|z Bangladesh
|z Dhaka.
|
| 650 |
|
0 |
|a Violence
|z Bangladesh
|z Dhaka.
|
| 650 |
|
0 |
|a Crime
|x Social aspects
|z Bangladesh
|z Dhaka.
|
| 650 |
|
0 |
|a Victims of crimes surveys
|z Bangladesh
|z Dhaka.
|
| 650 |
|
0 |
|a Crime prevention
|z Bangladesh
|z Dhaka.
|
| 852 |
1 |
|
|a Ayesha Abed Library
|c General Shelf.
|
| 999 |
|
|
|c 12676
|d 12676
|
| 952 |
|
|
|0 0
|1 0
|2 ddc
|4 0
|6 363_320954920000000_SHA
|7 0
|9 20926
|a IGS
|b IGS
|c GEN
|d 2012-08-05
|e The University Press
|g 500.00
|l 1
|m 2
|o 363.32095492 SHA
|p 3010025745
|r 2014-06-09
|s 2013-02-18
|t 1
|w 2012-08-05
|y BK
|